Quizzes
Events
Quiz Creation
Community
Videos
Private Events
Remove Ads
Sign In
Join for FREE
Feedback
Dark Mode
Quiz Categories
Sports
Geography
Music
Movies
Television
Just For Fun
Miscellaneous
History
Literature
Language
Science
Gaming
Entertainment
Religion
Holiday
For Kids
Quiz Lab
Recent
Popular Today
Quiz Kudos Today
Editor Picks
Curator Picks
Quizzes by...
Day
Popularity
Type
Ratings
Length
Year
Community
Subscriptions
Recent Discussions
Orange Saloon
Badges
Playlists
Quests
Create
Leaderboards
Showdown
Live 5
Trivia Bingo
Activity
Puzzle Library
Sporcle Events
Private Events
Virtual Trivia
Globe League
Become a Host
Pub Owners
SporcleCon
Opinionation
Our Games
Videos
Blog
Mobile Apps
Partnerships
Remove Ads and Go Orange
Feedback
Entertainment
Celebrity
Famous
Musical
Broadway
Show
Quote
Comic Books
Anime
Superhero
DC Comics
Marvel
Cartoons
Animation
Entertainment
Celebrity
Famous
Musical
Broadway
Show
Quote
Comic Books
Anime
Superhero
DC Comics
Marvel
Cartoons
Animation
Random Quiz
Search Sporcle
×
Quiz Lab
Quiz Lab
Entertainment
Anime
Type in answers that appear in a list
Type in answers that appear in a list
Classic
Best Score? Go Orange.
Anime manga guess Stats
Can you name the anime manga character?
By
rayakiss1007
5m
12 Questions
234 Plays
234 Plays
234 Plays
Comments
Comments
Give Quiz Kudos
Give Quiz Kudos
-
- Ratings
hide this ad
Replay
Link that replays current quiz
Next Quiz
Link to next quiz in quiz playlist
You Got
0%
They Got
Avg Score
37%
Avg Friend Score
Upgrade to see
Score Distribution
Jump to the score distribution portion of the page
Score
0/12
Timer
05:00
0
Plays Today
Hint
Answer
% Correct
Pasta, Country, Idiot
Hetalia
63.7%
Spider, Exam, Nen
Hunter x Hunter
61.1%
Color gang, Money, Bartender
Durarara
57.7%
Rolling Thunder, 10, Crow
Haikyuu
51.7%
Butterfly, Shark, Dolphin
Free
50%
Sword, Death, Soul
Bleach
46.2%
Vampire, Cat, Lazy
Servamp
38.5%
Cat, Book, Grandmother
Natsume yuujinchou
19.7%
Love me, Actor, Singer
Skip Beat
19.7%
The Ring, School life, Maru
Kimi ni Todoke
19.7%
Prince, Weak, Persia
Arslan Senki
14.5%
Cat, Umbrella, Color
K project
4.7%
Quiz Playlist
Details
Report
Send in Message
Add To Playlist
Classic:
Type in answers that appear in a list
Last Updated: Jun 1, 2017
Quiz Scoreboard
CHALLENGE
Sign Up to Join the Scoreboard
Show All
Scores
Hide
Comments
May contain spoilers
Recently Published
1-10 Letter E Words III
by El_Dandy
Language
2m
One Thing in Common: World Cities II
by knightlancer
Geography
7m
Popular People in 1961
by mucciniale
History
6m
More to Explore
Quiz From the Vault
Featured Blog Post
Where Did the Easter Bunny Come From?
hide this ad
You Might Also Like...
Tags
Anime Quiz
Character
Manga
Today's Top Quizzes in Entertainment
Browse Entertainment
hide this ad
Today's Top Quizzes in Anime
Browse Anime
Top Contributed Quizzes in Entertainment
1
Kamen Rider Motifs
2
Dragon Ball Z: Mega Character Search
3
Undead Unluck Minefield
4
Dragon Ball Z: Goku's Fights in Order
5
Survivor Winners Logic Quiz
6
Who Wants to Be a Millionaire: Anime Edition
7
10-to-1 Anime Arc Sorting Gallery
8
Criteria Quickie: Cartoon Taxonomy II
9
Ana Gasteyer or Kathryn Hahn?
10
One Piece 11-1
Explore More
Trending Topics
Harry Potter
Disney
Crossword
Kpop
NBA
Anime
Marvel
Soccer
Song
WWE
Pokémon
NFL
The Office
Country
Puzzle
hide this ad
More By:
rayakiss1007
Quiz
Plays
Rating
Category
Featured
Created
anime manga guess
234
1.00
Entertainment
May 31, 2017
Go to Creator's Profile
Score Distribution
Quiz Creator Spotlight
rayakiss1007
Follow
Send a Message
Quizzes Created
-
Created Quiz Play Count
-
More By This Creator
Popular Quizzes Today
1
Find the US States - No Outlines Minefield
2
The Countries of the World
3
Popular People in 1961
4
Find the Countries of Europe - No Outlines Minefield
5
1-10 Letter E Words III
6
Find the US States
7
One Thing in Common: World Cities II
8
US States
More Entertainment Quizzes
DC Picture Find: Magic
Quiz Lab
Trending Quizzes
1-10 Letter F Words
1-10 Letter G Words
Risky Map Clicking: Next State Alphabetically
1-10 Letter F Words II
Risky Map Clicking: States by Unique Starting Letters
Recently Updated
Leaping Animals
pecheneg
Reality TV Shows (A-Z)
bhenderson79
Rickey Henderson's Hall of Fame Teammates
pecheneg
Champions League XIs: Arsenal
pecheneg
Quick Pick: Celebrities in WWE's Hall of Fame
aduchscher
A-Z Keypad Blitz II
pecheneg
Multiple Oscar Actors
pecheneg
Mystery Phrase Blitz: Oscar 'Best Actors'
pecheneg
F. Scott Fitzgerald Novels
LTH
Pick 3 Villains
ddd62291
Trending Topics
Disney
Anime
NBA
Kpop
Harry Potter
Crossword
Marvel
Soccer
The Office
Country
Song
Puzzle
NFL
Pokémon
WWE
Your Account Isn't Verified!
In order to create a playlist on Sporcle, you need to verify the email address you used during registration. Go to your
Sporcle Settings
to finish the process.
Report this User
Report this user for behavior that violates our
Community Guidelines
.
Details:
Send Report
Go to the Sporcle.com Mobile Site →
Comments